| 000 | 00923nam a22002297a 4500 | ||
|---|---|---|---|
| 005 | 20250707093115.0 | ||
| 006 | a||||fr|||| 001 0 | ||
| 008 | 061215s2003||||gr |||e b||| 000 gre # | ||
| 020 | _a9789606353826 | ||
| 040 |
_aGRAtEVE _bgre _cGRAtEVE _dGR-AtMCL _eAACR2 |
||
| 041 | 1 | _heng | |
| 100 |
_aJones, Phil, _d1958- _99849 |
||
| 245 | 1 | 0 |
_aΔραματοθεραπεία : _bΘεωρία, Πρακτική και Έρευνα / _cΕπιστημονική επιμέλεια ελληνικής έκδοσης Στέλιος Κρασανάκης |
| 260 |
_aΑθήνα : _bΠεδίο, _c2021 |
||
| 300 |
_a419 σ. ; _c23εκ. |
||
| 504 | _aΠεριέχει βιβλιογραφικές αναφορές | ||
| 650 | 0 | 7 |
_aΘέατρο _xΘεραπευτική χρήση |
| 650 | 0 | 0 |
_aΔραματοθεραπεία _99848 |
| 700 | 1 |
_aΚαραντζή, Αναστασία _4730 |
|
| 942 | _cBK | ||
| 999 |
_c9803 _d9803 |
||